01006ntm a2200229 a 450000100060000000300080000600500170001400800410003103500190007204000350009104100080012608200310013410000280016524502010019326000950039430000370048950201050052650400310063165000230066270000460068570000450073177013BD-RjUL20211209082921.0200213s2009 bg a|||| bm|| 00| 0 eng d a(BD-RjUL)77237 aBD-RjULbengcBD-RjULdBD-RjUL aeng 223a305.42095492bISW 20091 aIslam, Towfiqua Mahfuza10aWomen Empowerment in Bangladesh:ba study on Rural - Urban differencials /csubmitted by Towfiqua Mahfuza Islam ;6Principal Supervisor: Md. Golam Mostofa ; alternate/Co-Supervisor: Samad Abedin aRajshahi :bDepartment of Population Science and Human Resource Development, R. U. ,c2009 axi, 140 leaves :bIll. ;c29 cm. aThesis (M. Phil.) -- Department of Population Science and Human Resource Development, R. U. , 2009 aReferences: Leaves 176-209 aWomen zBangladesh aMostofa, Md. Golam, Principal Supervisor aAbedin, Samad, Alternate/Co-Supervisor